[Event "New York op"]
[Site "New York"]
[Date "1989.??.??"]
[Round "9"]
[White "Rivas Pastor, Manuel"]
[Black "Benjamin, Joel"]
[Result "1/2-1/2"]
[WhiteElo "2505"]
[BlackElo "2545"]

1.d4 Nf6 2.c4 e6 3.Nc3 Bb4 4.e3 c5 5.Bd3 Nc6 6.Ne2 cxd4 7.exd4 d5 8.cxd5 Nxd5
9.O-O O-O 10.Bc2 Re8 11.Qd3 g6 12.Rd1 Bf8 13.Qf3 Nxc3 14.bxc3 Bd7 15.Ng3 f5
16.Ne2 Qh4 17.Nf4 Rac8 18.Rb1 Na5 19.a4 Bd6 20.g3 Qf6 21.h4 b6 22.Re1 Bc6
23.Qd1 e5 24.dxe5 Bxe5 25.Nd5 Qd6 26.Nb4 Qxd1 27.Rxd1 Bf3 28.Rd3 Rxc3 29.Bd2 Rxd3
30.Nxd3 Bd4 31.Nf4 Kg7 32.Bd1 Nc4 33.Bb4 Be4 34.Rc1 Ne5 35.Rc7+ Kh8 36.Rxa7 Nc6
37.Rd7 Bxf2+ 38.Kxf2 Nxb4 39.Bb3 Nc6 40.h5 Ne5 41.Rd6 Rb8 42.hxg6 hxg6 43.Nxg6+ Nxg6
44.Rxg6 f4 45.Rd6 fxg3+ 46.Kxg3 Bh7 47.Kf4 Bg8 48.Bd1 Rb7 49.Ke5 Re7+ 50.Kd4 Kg7
51.Kc3 Re6 52.Rd7+ Kf6 53.Kb4 Bf7 54.Rb7 Be8 55.Bc2 Bc6 56.Rb8 Ke7 57.Bb3 Rd6
58.Rxb6 Bxa4 59.Rxd6  1/2-1/2

[Event "Paris-ch"]
[Site "Paris"]
[Date "1989.??.??"]
[Round "3"]
[White "Benjamin, Joel"]
[Black "Sellos, Didier"]
[Result "0-1"]
[WhiteElo "2545"]
[BlackElo "2405"]

1.e4 c5 2.Nf3 d6 3.d4 cxd4 4.Nxd4 Nf6 5.Nc3 a6 6.Be3 e5 7.Nf3 Be7 8.Bc4 O-O
9.Bb3 Nc6 10.Bg5 Be6 11.O-O Rc8 12.Re1 Na5 13.Re2 Nxb3 14.axb3 Nh5 15.Bxe7 Qxe7
16.Rd2 Nf4 17.Ne1 Rcd8 18.Nd3 Ng6 19.f3 f5 20.Nf2 Nh4 21.Kh1 Qg5 22.Nh3 Qh6
23.Ng1 fxe4 24.Nxe4 Nf5 25.Qe1 d5 26.Nc5 Bc8 27.Re2 Nd4 28.Rf2 Nc6 29.Rd1 Qf6
30.Rfd2 Qf7 31.Ne2 Rd6 32.Nc3 d4 33.N3e4 Rg6 34.Re2 a5 35.Nd3 Qc7 36.Ng3 Re8
37.Qf2 b6 38.Ree1 Ba6 39.Rd2 Rge6 40.Ne4 h6 41.Ng3 Nd8 42.Rde2 Bxd3 43.cxd3 Qf7
44.h3 Nc6 45.Re4 Nb4 46.Qd2 Nd5 47.Nf1 Nf4 48.Kh2 Qh5 49.Ng3 Qg5 50.Nf1 Qh5
51.Ng3 Rf8 52.Rd1 Rg6 53.Qe1 Rg5  0-1

[Event "Paris-ch"]
[Site "Paris"]
[Date "1989.??.??"]
[Round "4"]
[White "Bernard, Christophe"]
[Black "Benjamin, Joel"]
[Result "1-0"]
[WhiteElo "2265"]
[BlackElo "2545"]

1.d4 Nf6 2.Nf3 e6 3.g3 c5 4.Bg2 cxd4 5.O-O a6 6.Nxd4 Qc7 7.e4 d6 8.b3 g6
9.Bb2 Bg7 10.c4 O-O 11.Nc3 Nbd7 12.Qd2 Rb8 13.Rac1 Re8 14.Rfd1 Bf8 15.f4 Qc5
16.Kh1 Qh5 17.Bf3 Qh3 18.Nde2 b5 19.cxb5 axb5 20.Ng1 Qh6 21.b4 Bb7 22.Qg2 e5
23.Nge2 exf4 24.Nxf4 g5 25.Nfd5 g4 26.Be2 Bg7 27.Rc2 Nxe4 28.Nxe4 Bxb2 29.Rxb2 Rxe4
30.Qxe4 Nf6 31.Qf4 Bxd5+ 32.Kg1 Qg7 33.Rbd2 Be6 34.Rxd6 Rf8 35.Qd4 Qg5 36.Rf1 Nh5
37.h3 Ng7 38.Qc5 Qe7 39.Bxb5 Rc8 40.Rc6 Qd8 41.Rxc8 Bxc8 42.Bc4  1-0

[Event "Paris-ch"]
[Site "Paris"]
[Date "1989.??.??"]
[Round "6"]
[White "Benjamin, Joel"]
[Black "Andruet, Gilles"]
[Result "1-0"]
[WhiteElo "2545"]
[BlackElo "2420"]

1.e4 c6 2.d4 d5 3.Nc3 dxe4 4.Nxe4 Nd7 5.Ng5 Ngf6 6.Bd3 e6 7.N1f3 Bd6 8.Qe2 h6
9.Ne4 Nxe4 10.Qxe4 Qc7 11.Qg4 g5 12.Qh3 Bf4 13.O-O Bxc1 14.Raxc1 Qf4 15.Rce1 b6
16.Re4 Qf6 17.Rfe1 Kd8 18.Qg3 Bb7 19.R4e3 Rc8 20.c3 c5 21.Be4 Bxe4 22.Rxe4 Rc7
23.h4 cxd4 24.Rxd4 gxh4 25.Rxh4 Qe7 26.Nd4 Rc5 27.b4 Rc8 28.b5 Qf6 29.Rf4 Qg5
30.Qxg5+ hxg5 31.Rxf7 Rxc3 32.Nc6+ Kc8 33.Nxa7+  1-0

[Event "Paris-ch"]
[Site "Paris"]
[Date "1989.??.??"]
[Round "7"]
[White "Razuvaev, Yuri S"]
[Black "Benjamin, Joel"]
[Result "1/2-1/2"]
[WhiteElo "2550"]
[BlackElo "2545"]

1.d4 Nf6 2.c4 e6 3.g3 c5 4.d5 exd5 5.cxd5 d6 6.Nc3 g6 7.Bg2 Bg7 8.Nf3 O-O
9.O-O a6 10.a4 Nbd7 11.h3 Re8 12.Re1 Qc7 13.Bf4 Nh5 14.Bd2 c4 15.b4 cxb3
16.Qxb3 Nc5 17.Qb4 Nf6 18.Rac1 Qd8 19.a5 Bf5 20.Nd4 Be4 21.Nxe4 Ncxe4 22.Ne6 fxe6
23.Bxe4 exd5 24.Bxd5+ Nxd5 25.Qb3 Qd7 26.Qxd5+ Kh8 27.h4 Re5 28.Qd3 Rf8 29.Kg2 Qf7
30.f3 Rd5 31.Qc2 Rc5 32.Qd3 Rd5 33.Qc2 Rc5 34.Qd3  1/2-1/2

[Event "Paris-ch"]
[Site "Paris"]
[Date "1989.??.??"]
[Round "8"]
[White "Benjamin, Joel"]
[Black "Miralles, Gilles"]
[Result "0-1"]
[WhiteElo "2545"]
[BlackElo "2400"]

1.c4 e5 2.g3 Nf6 3.Bg2 d5 4.cxd5 Nxd5 5.Nc3 Nb6 6.d3 Be7 7.Be3 O-O 8.Qc1 Re8
9.Nf3 Nc6 10.O-O Bg4 11.Re1 Bf8 12.Ne4 Bb4 13.Bd2 f5 14.Nc5 Bxc5 15.Qxc5 e4
16.Nh4 Re5 17.Qa3 Rb5 18.h3 Bh5 19.Rac1 Nd4 20.Bf1 exd3 21.Qxd3 Rxb2 22.Be3 Nxe2+
23.Bxe2 Rxe2 24.Qxf5 Rxe1+ 25.Rxe1 Bf7 26.Qg4 Qd7 27.Qg5 h6 28.Qc5 Bd5 29.Kh2 Re8
30.Rd1 Qf7 31.g4 Bxa2 32.Nf5 Be6 33.Nd4 Bd5 34.Nf5 Be4 35.Ng3 Bg6 36.Bd4 c6
37.Ra1 Nc4 38.f4 Be4 39.Rxa7 Nd2 40.Nxe4 Qxf4+  0-1

[Event "Paris-ch"]
[Site "Paris"]
[Date "1989.??.??"]
[Round "9"]
[White "Prie, Eric"]
[Black "Benjamin, Joel"]
[Result "0-1"]
[WhiteElo "2335"]
[BlackElo "2545"]

1.e4 c5 2.Nf3 d6 3.d4 cxd4 4.Nxd4 Nf6 5.Nc3 Nc6 6.Bc4 Qb6 7.Ndb5 a6 8.Be3 Qa5
9.Nd4 Ne5 10.Bd3 Nfg4 11.Qe2 Nxe3 12.Qxe3 g6 13.Nb3 Qd8 14.Nd5 Bg7 15.Qb6 Qxb6
16.Nxb6 Rb8 17.Be2 Nd7 18.Nxc8 Bxb2 19.Nxd6+ exd6 20.Rd1 Bc3+ 21.Kf1 Ke7
22.h4 Rhc8 23.h5 Bf6 24.hxg6 hxg6 25.c4 Nb6  0-1

[Event "World op 5'"]
[Site "Philadelphia"]
[Date "1989.??.??"]
[Round "?"]
[White "Dlugy, Maxim"]
[Black "Benjamin, Joel"]
[Result "1-0"]
[WhiteElo "2570"]
[BlackElo "2545"]

1.d4 d6 2.c4 e5 3.Nf3 e4 4.Ng5 f5 5.Nc3 Nf6 6.h4 Be7 7.g3 c6 8.d5 Na6 9.Nh3 Nc7
10.Nf4 Bd7 11.Be3 Ng4 12.Bd2 e3 13.Bxe3 Nxe3 14.fxe3 O-O 15.Qd2 Bf6 16.Bg2 c5
17.e4 b5 18.exf5 Bxf5 19.cxb5 Rb8 20.a4 a6 21.bxa6 Nxa6 22.O-O Be5 23.a5 Rb4
24.e4 Bg4 25.Kh2 c4 26.Bh3 Bxh3 27.Kxh3 Nc5 28.Ne6 Nxe6 29.dxe6 Re8 30.a6 Rb8
31.Qd5 Kh8 32.a7 Ra8 33.Nb5 Bxb2 34.Ra2 c3  1-0

[Event "World op"]
[Site "Philadelphia"]
[Date "1989.??.??"]
[Round "1"]
[White "Fang, Joseph"]
[Black "Benjamin, Joel"]
[Result "0-1"]
[WhiteElo "2280"]
[BlackElo "2545"]

1.d4 Nf6 2.c4 e6 3.Nc3 Bb4 4.Bg5 h6 5.Bh4 c5 6.d5 d6 7.e3 Bxc3+ 8.bxc3 e5
9.Bd3 Nbd7 10.Ne2 e4 11.Bc2 Qe7 12.Qb1 g5 13.Bg3 O-O 14.h4 Ne5 15.hxg5 hxg5
16.Bxe5 Qxe5 17.Kd2 Ng4 18.Qg1 Bf5 19.f3 exf3 20.gxf3 Qxe3+ 21.Qxe3 Nxe3
22.Bxf5 Nxf5 23.Rag1 Kg7 24.Rxg5+ Kf6 25.Rg4 Rh8 26.Rhg1 Rh2 27.Re4 Rf2 28.f4 Rh8
29.Ke1 Rf3 30.Rf1 Re3 31.Rxe3 Nxe3 32.Rg1 Nxc4 33.Kf2 Rh5 34.Rb1 Rh2+  0-1

[Event "World op"]
[Site "Philadelphia"]
[Date "1989.??.??"]
[Round "2"]
[White "Benjamin, Joel"]
[Black "Zaltsman, Vitaly F"]
[Result "1/2-1/2"]
[WhiteElo "2545"]
[BlackElo "2420"]

1.e4 c5 2.Nf3 d6 3.d4 cxd4 4.Nxd4 Nf6 5.Nc3 Nc6 6.Be2 e6 7.Be3 a6 8.f4 Qc7
9.Qd2 Be7 10.O-O-O Rb8 11.g4 b5 12.g5 Nd7 13.Bf3 Bb7 14.Kb1 b4 15.Nce2 Nc5
16.Ng3 g6 17.b3 h6 18.gxh6 Rxh6 19.Nxc6 Bxc6 20.f5 Rh4 21.fxg6 fxg6 22.Bg5 Bxe4
23.Bxe7 Qxe7 24.Nxe4 Nxe4 25.Bxe4 Rxe4 26.Rhf1 g5 27.Qd3 d5 28.Qxa6 Qc5 29.Rf6 Rc8
30.Rc1 Ke7 31.Rh6 Re1 32.Qb7+ Kd6 33.Qa6+ Ke7  1/2-1/2

[Event "World op"]
[Site "Philadelphia"]
[Date "1989.??.??"]
[Round "4"]
[White "Benjamin, Joel"]
[Black "Djuric, Stefan"]
[Result "1/2-1/2"]
[WhiteElo "2545"]
[BlackElo "2475"]

1.e4 e5 2.Nf3 Nc6 3.Bb5 a6 4.Ba4 Nf6 5.O-O Be7 6.Re1 b5 7.Bb3 O-O 8.a4 Bb7
9.d3 d6 10.Nc3 Na5 11.Ba2 b4 12.Ne2 Rb8 13.Ng3 c5 14.h3 Bc8 15.Nd2 Be6 16.Nc4 Kh8
17.f4 g6 18.fxe5 dxe5 19.Nxa5 Qxa5 20.Bxe6 fxe6 21.b3 Rbd8 22.Qe2 Kg7 23.Rf1 h5
24.Bg5 Qc7 25.Qe3 Rh8 26.Rf3 Rdf8 27.Raf1 h4 28.Nh1 Rh5 29.Qc1 Qd7 30.Nf2 Nh7
31.Bxe7 Rxf3 32.gxf3  1/2-1/2

[Event "World op"]
[Site "Philadelphia"]
[Date "1989.??.??"]
[Round "6"]
[White "Benjamin, Joel"]
[Black "Gruenfeld, Yehuda"]
[Result "1-0"]
[WhiteElo "2545"]
[BlackElo "2535"]

1.c4 e6 2.Nc3 c5 3.Nf3 Nc6 4.d4 cxd4 5.Nxd4 Nf6 6.e4 Bb4 7.Nxc6 bxc6 8.Bd3 e5
9.O-O Be7 10.Be3 d6 11.c5 Ng4 12.Bc4 O-O 13.cxd6 Bxd6 14.Bg5 Qxg5 15.Qxd6 Nf6
16.Kh1 Qf4 17.f3 Bd7 18.Rad1 Rfe8 19.Qc7 Rec8 20.Qa5 Re8 21.Qc7 Rec8 22.Qa5 Re8
23.Na4 Be6 24.Bxe6 Rxe6 25.Nb6 Rae8 26.Nc4 Nh5 27.Qxa7 Rh6 28.Kg1 Nf6 29.g3 Rg6
30.Kh1 Qh6 31.Nd6  1-0

[Event "World op"]
[Site "Philadelphia"]
[Date "1989.??.??"]
[Round "8"]
[White "Benjamin, Joel"]
[Black "Christiansen, Larry Mark"]
[Result "1/2-1/2"]
[WhiteElo "2545"]
[BlackElo "2530"]

1.e4 c5 2.Nf3 Nc6 3.d4 cxd4 4.Nxd4 Nf6 5.Nc3 e6 6.Ndb5 Bb4 7.a3 Bxc3+ 8.Nxc3 d5
9.exd5 exd5 10.Bd3 O-O 11.O-O d4 12.Ne4 Bf5 13.Bg5 Bxe4 14.Bxe4 h6 15.Bxf6 Qxf6
16.Qf3 Qxf3 17.Bxf3 Rac8 18.Rfe1 Rfd8 19.Rad1 g6 20.Rd2  1/2-1/2

[Event "San Mateo rapid"]
[Site "San Mateo"]
[Date "1989.??.??"]
[Round "?"]
[White "Benjamin, Joel"]
[Black "De Firmian, Nick E"]
[Result "1/2-1/2"]
[WhiteElo "2545"]
[BlackElo "2570"]

1.c4 c5 2.Nf3 Nc6 3.d4 cxd4 4.Nxd4 Nf6 5.Nc3 e6 6.e4 Bb4 7.Nxc6 bxc6 8.Bd3 O-O
9.O-O d5 10.cxd5 cxd5 11.exd5 Nxd5 12.Qc2 g6 13.Ne4 Be7 14.Bh6 f5 15.Nd2 Rf7
16.Bc4 Bf6 17.Rad1 Rb8 18.Nb3 Bg7 19.Bxg7 Kxg7 20.Bxd5 exd5 21.Nd4 Qf6 22.Rfe1 Bd7
23.b3 f4 24.Qc5 Qg5 25.Nf3 Qf6 26.Qxa7 Rd8 27.Qc5 Bg4 28.Ne5 Bxd1 29.Nxf7 Kxf7
30.Rxd1 Qf5 31.h3 f3 32.g4 Qe5 33.Rd3 Qe1+ 34.Kh2 Qe5+ 35.Kg1 Qe1+  1/2-1/2

[Event "San Mateo rapid"]
[Site "San Mateo"]
[Date "1989.??.??"]
[Round "?"]
[White "Shirazi, Kamran G"]
[Black "Benjamin, Joel"]
[Result "0-1"]
[WhiteElo "2395"]
[BlackElo "2545"]

1.e4 c5 2.Nf3 Nc6 3.Bb5 g6 4.O-O Bg7 5.Re1 e5 6.c3 Nge7 7.d4 cxd4 8.cxd4 exd4
9.Bf4 a6 10.Ba4 b5 11.Bb3 d6 12.a4 Rb8 13.axb5 axb5 14.e5 dxe5 15.Nxe5 Nxe5
16.Rxe5 Rb7 17.Nd2 O-O 18.Ne4 Bf5 19.Qf3 Qb6 20.Nd2 Qd6 21.Rxf5 Qd7 22.Rxf7 Rxf7
23.Ra8+ Nc8 24.Bxf7+ Kxf7 25.h3 Rb6 26.Bd6+ Bf6 27.Bc5 Rc6 28.b4 Kg7 29.g4 h6
30.h4 Re6 31.Rb8 Qc6 32.Qd3 Re1+ 33.Kh2 Qh1+ 34.Kg3 Be5+ 35.f4 Qg1+ 36.Kf3 Re3+
37.Qxe3 Qxe3+ 38.Kg2 Bxb8  0-1

[Event "San Mateo rapid"]
[Site "San Mateo"]
[Date "1989.??.??"]
[Round "?"]
[White "McCambridge, Vincent"]
[Black "Benjamin, Joel"]
[Result "0-1"]
[WhiteElo "2470"]
[BlackElo "2545"]

1.d4 Nf6 2.Nf3 d6 3.Bg5 Nbd7 4.Nc3 c6 5.e4 e5 6.a4 Qa5 7.Qd2 Be7 8.Bd3 h6
9.Bh4 Nf8 10.O-O Bg4 11.b4 Qc7 12.Be2 Ne6 13.d5 Nf4 14.Bd1 cxd5 15.exd5 O-O
16.Re1 g5 17.Bg3 Rfc8 18.Ra3 Qc4 19.Bxf4 Qxf4 20.h3 Bf5 21.Rb3 Qxd2 22.Nxd2 a6
23.a5 Rc7 24.Re3 Rac8 25.Kf1 Bg6 26.Ke1 Nd7 27.g4 Kg7  0-1

[Event "San Mateo rapid"]
[Site "San Mateo"]
[Date "1989.??.??"]
[Round "?"]
[White "Gulko, Boris F"]
[Black "Benjamin, Joel"]
[Result "1/2-1/2"]
[WhiteElo "2610"]
[BlackElo "2545"]

1.d4 d6 2.Nf3 Bg4 3.c4 Nd7 4.e4 g6 5.Be2 Bg7 6.h3 Bxf3 7.Bxf3 c5 8.d5 Ngf6
9.O-O O-O 10.Nc3 Ne8 11.Be2 Nc7 12.Be3 a6 13.a4 Qb8 14.Qd2 e6 15.a5 exd5
16.exd5 b5 17.axb6 Qxb6 18.Rfb1 a5 19.Ra3 Rfb8 20.Qc2 Na6 21.Qa4 Qd8 22.Nb5 Nb4
23.Qd1 Ra6 24.Qd2 Be5 25.Bg5 Qb6 26.f4 Bf6 27.Bxf6 Nxf6 28.Re3 Raa8 29.Re1 Re8
30.Bf1 Rxe3 31.Rxe3 Re8 32.Rxe8+ Nxe8 33.Qe3 Qd8 34.Bd3 Kf8 35.Bb1 Qf6 36.Qd2 Ng7
37.g3  1/2-1/2

[Event "Bermuda op"]
[Site "Bermuda"]
[Date "1990.??.??"]
[Round "?"]
[White "Benjamin, Joel"]
[Black "Schroer, Jonathan"]
[Result "1-0"]
[WhiteElo "2530"]
[BlackElo "2395"]

1.e4 c5 2.Nf3 d6 3.d4 cxd4 4.Nxd4 Nf6 5.Nc3 a6 6.a4 e6 7.Be2 Be7 8.O-O O-O
9.f4 Nc6 10.Kh1 Nxd4 11.Qxd4 Bd7 12.Bf3 Bc6 13.a5 d5 14.e5 Ne4 15.Bxe4 dxe4
16.Qf2 Bb4 17.Be3 Bxa5 18.Rfd1 Qc7 19.Bc5 Bxc3 20.Bxf8 Bxe5 21.fxe5 Rxf8
22.Qc5 Rc8 23.c4 h6 24.b3 Re8 25.Rd2 Qe7 26.Qxe7 Rxe7 27.Rf1 Kh7 28.h4 Kg6
29.Kh2 f5 30.exf6 gxf6 31.g4 Rh7 32.Rd6 Kf7 33.Rd8 Ke7 34.Rg8 Bd7 35.Rb8 Bc6
36.Rc8 Rf7 37.Rd1 h5 38.gxh5 f5 39.Rc7+ Kf6 40.Rxf7+ Kxf7 41.Rg1 e3 42.h6 e2
43.h7 e1=Q 44.Rxe1 Kg7 45.Rxe6 Kxh7 46.Kg3 Kg7 47.Kf4 Kf7 48.Rxc6 bxc6 49.Kxf5  1-0

[Event "New York op"]
[Site "New York"]
[Date "1990.??.??"]
[Round "1"]
[White "Benjamin, Joel"]
[Black "Bisguier, Arthur Bernard"]
[Result "1-0"]
[WhiteElo "2530"]
[BlackElo "2390"]

1.e4 e5 2.Nf3 Nc6 3.Bb5 Nf6 4.d3 d6 5.c4 Bg4 6.h3 Bxf3 7.Qxf3 Nd7 8.Bxc6 bxc6
9.Be3 Be7 10.Qg3 O-O 11.Nc3 Bf6 12.b4 Re8 13.O-O Nf8 14.b5 c5 15.Nd5 Ne6
16.Rab1 Rc8 17.Rb3 g6 18.Ra3 Ra8 19.Ra6 Bg7 20.Qg4 Rf8 21.Qd1 f5 22.exf5 gxf5
23.f4 exf4 24.Nxf4 Nxf4 25.Bxf4 Qf6 26.Qf3 Kh8 27.Kh2 Qd4 28.Re1 Rae8 29.Rxe8 Rxe8
30.Rxa7 Be5 31.Bxe5+ Qxe5+ 32.Qg3 Qe2 33.Rxc7 Rg8 34.Qf3 Qe5+ 35.Kg1 Qd4+
36.Qf2 Qxd3 37.Qb2+  1-0

[Event "New York op"]
[Site "New York"]
[Date "1990.??.??"]
[Round "3"]
[White "Benjamin, Joel"]
[Black "Olafsson, Helgi"]
[Result "1/2-1/2"]
[WhiteElo "2530"]
[BlackElo "2575"]

1.Nf3 Nf6 2.c4 b6 3.d4 e6 4.g3 Bb7 5.Bg2 Be7 6.Nc3 Ne4 7.Bd2 Bf6 8.O-O O-O
9.Rc1 d6 10.Qc2 Nxd2 11.Qxd2 Nd7  1/2-1/2

[Event "New York op"]
[Site "New York"]
[Date "1990.??.??"]
[Round "6"]
[White "Ehlvest, Jaan"]
[Black "Benjamin, Joel"]
[Result "1/2-1/2"]
[WhiteElo "2620"]
[BlackElo "2530"]

1.Nf3 c5 2.e4 Nc6 3.Bb5 e6 4.O-O Nge7 5.Re1 Nd4 6.Nxd4 cxd4 7.c3 a6 8.Ba4 Nc6
9.d3 b5 10.Bb3 Qf6 11.c4 Qg6 12.Nd2 Be7 13.Nf3 O-O 14.Bf4 Bb7 15.Rc1 b4  1/2-1/2

[Event "New York op"]
[Site "New York"]
[Date "1990.??.??"]
[Round "7"]
[White "Benjamin, Joel"]
[Black "Machulsky, Anatoly D"]
[Result "1-0"]
[WhiteElo "2530"]
[BlackElo "2495"]

1.d4 e6 2.Nf3 f5 3.e4 fxe4 4.Ng5 Nf6 5.f3 c5 6.fxe4 cxd4 7.Bd3 Nc6 8.O-O d6
9.c3 h6 10.Nf3 Be7 11.cxd4 O-O 12.Nc3 e5 13.Bc4+ Kh7 14.Kh1 Bg4 15.Be3 Rc8
16.dxe5 dxe5 17.Bd5 Bb4 18.h3 Bxf3 19.Rxf3 Qe7 20.Rc1 Bc5 21.Bxc5 Qxc5 22.Be6 Rcd8
23.Nd5 Qd6 24.Nxf6+ Rxf6 25.Qxd6 Rxd6 26.Rxf6 gxf6 27.Bc8 b6 28.Bb7 Nb4 29.Rc7+ Kg6
30.Bc8 Kg5 31.g3 f5 32.Bxf5 Rd2 33.Rf7 Nc2 34.h4+ Kh5 35.Rg7 Ne3 36.Be6 Rf2
37.Bf7+ Rxf7 38.Rxf7 Kg4 39.Kh2 a5 40.Rf6 b5 41.Rg6+ Kf3 42.h5 Kxe4 43.Kh3 Kf5
44.g4+ Kf4 45.Rf6+ Kg5 46.Rf3  1-0

[Event "New York op"]
[Site "New York"]
[Date "1990.??.??"]
[Round "8"]
[White "Benjamin, Joel"]
[Black "Alburt, Lev O"]
[Result "1-0"]
[WhiteElo "2530"]
[BlackElo "2565"]

1.e4 Nf6 2.e5 Nd5 3.d4 Nb6 4.a4 a5 5.Nf3 d5 6.Bd3 Bg4 7.h3 Bxf3 8.Qxf3 e6
9.Qg3 c5 10.dxc5 N6d7 11.Nc3 Nc6 12.Nb5 Ndxe5 13.Bf4 f6 14.O-O-O Qd7 15.Be3 Rc8
16.Be2 Qf7 17.f4 Nd7 18.Rhe1 f5 19.Bg1 Be7 20.Bf3 Kf8 21.Nd6 Bxd6 22.cxd6 Nf6
23.Bc5 Qd7 24.Qf2 h5 25.g4 hxg4 26.hxg4 fxg4 27.f5 Nb4 28.fxe6 Qc6 29.d7+ Kg8
30.dxc8=Q+ Qxc8 31.Bxb4 gxf3 32.Bc3 Ne4 33.Rxe4 dxe4 34.Qd4 Qf8 35.Qxe4 f2
36.e7  1-0

[Event "New York op"]
[Site "New York"]
[Date "1990.??.??"]
[Round "9"]
[White "Wolff, Patrick G"]
[Black "Benjamin, Joel"]
[Result "1/2-1/2"]
[WhiteElo "2500"]
[BlackElo "2530"]

1.e4 Nc6 2.Nf3 d6 3.d4 Nf6 4.Nc3 Bg4 5.d5 Nb8 6.Be2 g6 7.O-O Bg7 8.a4 O-O
9.a5 c6 10.Be3 Qc7 11.h3 Bxf3 12.Bxf3 Rc8 13.Be2 Qd8 14.f4 cxd5  1/2-1/2

[Event "Novi Sad ol (Men)"]
[Site "Novi Sad"]
[Date "1990.??.??"]
[Round "1"]
[White "Benjamin, Joel"]
[Black "Franzoni, Giancarlo"]
[Result "1/2-1/2"]
[WhiteElo "2560"]
[BlackElo "2455"]

1.d4 Nf6 2.c4 e6 3.Nf3 Bb4+ 4.Bd2 Bxd2+ 5.Qxd2 O-O 6.g3 b6 7.Bg2 Bb7 8.O-O d6
9.Qc2 c5 10.Nc3 cxd4 11.Nxd4 Bxg2 12.Kxg2 Qc8 13.b3 Nc6 14.Ndb5 d5 15.cxd5 Nb4
16.Qd2 Nbxd5 17.Nxd5 Nxd5 18.Rac1 Qb7 19.e4 Nf6 20.f3 Rfd8 21.Qe2 Ne8 22.a4 a6
23.Na3 Qe7  1/2-1/2

[Event "Novi Sad ol (Men)"]
[Site "Novi Sad"]
[Date "1990.??.??"]
[Round "5"]
[White "Benjamin, Joel"]
[Black "Kindermann, Stefan"]
[Result "1-0"]
[WhiteElo "2560"]
[BlackElo "2530"]

1.Nf3 Nf6 2.c4 g6 3.Nc3 Bg7 4.e4 d6 5.d4 O-O 6.Be2 e5 7.O-O Na6 8.Be3 Ng4
9.Bg5 f6 10.Bc1 Nh6 11.Rb1 Nf7 12.dxe5 dxe5 13.b4 c6 14.b5 Nc7 15.Ba3 Re8
16.bxc6 bxc6 17.Qa4 Bd7 18.Rfd1 Qc8 19.c5 f5 20.Bc4 Be6 21.Nd2 Bh6 22.Bf1 Bd7
23.Nb3 Bg7 24.Na5 Ne6 25.Nb7 Nd4 26.Ba6 Qc7 27.Bc4 Be6 28.Bxe6 Rxe6 29.Qc4 Bf8
30.exf5 gxf5 31.Rxd4 exd4 32.Qxe6 dxc3 33.Nd6 Bxd6 34.cxd6 Qa5 35.Rb7 Qd5
36.Qxd5 cxd5 37.d7 Ne5 38.f4 Nc4 39.Rc7 Nxa3 40.Rc8+ Kf7 41.d8=Q  1-0

[Event "Novi Sad ol (Men)"]
[Site "Novi Sad"]
[Date "1990.??.??"]
[Round "10"]
[White "Benjamin, Joel"]
[Black "Arnason, Jon L"]
[Result "1-0"]
[WhiteElo "2560"]
[BlackElo "2540"]

1.d4 Nf6 2.c4 e6 3.Nf3 b6 4.Nc3 Bb4 5.Bg5 Bb7 6.e3 Bxc3+ 7.bxc3 d6 8.Nd2 Nbd7
9.f3 Qe7 10.Be2 e5 11.e4 Nf8 12.Nf1 h6 13.Bh4 Ng6 14.Bf2 Nf4 15.Ne3 N6h5
16.Bf1 g6 17.d5 Bc8 18.c5 bxc5 19.Qa4+ Bd7 20.Qa5 Qd8 21.Nc4 O-O 22.Be3 Kh7
23.Rb1 Rb8 24.Rb3 Ng7 25.g3 Nfh5 26.g4 Nf4 27.h4 h5 28.g5 f6 29.Bxf4 exf4
30.gxf6 Qxf6 31.Kd2 Rxb3 32.axb3 c6 33.Qc7 cxd5 34.exd5 Rd8 35.Bd3 Be8 36.Re1 Bf7
37.Re7 Rf8 38.Nxd6 Bxd5 39.Be4 Bg8 40.Bd3 Kh6 41.Ne4 Qxh4 42.Rxg7 Rd8 43.Rxg6+ Kxg6
44.Nd6+  1-0

[Event "Novi Sad ol (Men)"]
[Site "Novi Sad"]
[Date "1990.??.??"]
[Round "14"]
[White "Benjamin, Joel"]
[Black "Spasov, Vasil"]
[Result "1/2-1/2"]
[WhiteElo "2560"]
[BlackElo "2495"]

1.d4 Nf6 2.c4 g6 3.Nc3 Bg7 4.e4 d6 5.Be2 O-O 6.Nf3 e5 7.Be3 Ng4 8.Bg5 f6
9.Bc1 Nc6 10.O-O Nxd4 11.Nxd4 exd4 12.Nb5 f5 13.exf5 gxf5 14.h3 Ne5 15.Nxd4 f4
16.Qb3 Kh8 17.Bd2 Qf6 18.Kh2 b6 19.Nf3 Bb7 20.Nxe5 Qxe5 21.Bf3 Bxf3 22.Bc3 Qg5
23.gxf3 Bxc3 24.Qxc3+ Qf6 25.Qxf6+ Rxf6 26.Rae1 Rf7 27.Rg1 Rg8 28.Rg4 h5
29.Rgg1 Rxg1 30.Kxg1 Kg7 31.Re6 Kf8 32.Rh6 Rf5 33.Rh7 Rc5 34.b3 Kg8 35.Rd7 a5  1/2-1/2

[Event "World op"]
[Site "Philadelphia"]
[Date "1990.??.??"]
[Round "1"]
[White "Benjamin, Joel"]
[Black "Hook, William"]
[Result "1-0"]
[WhiteElo "2530"]
[BlackElo "2215"]

1.d4 Nf6 2.c4 g6 3.Nc3 Bg7 4.e4 d6 5.Nf3 O-O 6.Be2 Nbd7 7.O-O c6 8.Qc2 e5
9.d5 c5 10.g3 Qe7 11.Nh4 Ne8 12.Bd2 Nc7 13.Rab1 Nf6 14.Nd1 Bh3 15.Re1 Rfb8
16.f3 Bd7 17.Nf2 b5 18.b4 cxb4 19.Bxb4 bxc4 20.a4 Na6 21.Ba3 Rc8 22.Bxc4 Nc5
23.a5 Ba4 24.Qa2 Nfd7 25.Nd3 Qe8 26.Nb4 Rab8 27.Ng2 Rc7 28.Ne3 Bh6 29.Nf1 Rbc8
30.Be2 Nb8 31.Bc1 Bxc1 32.Rexc1 Bd7 33.Qa3 f5 34.Nd2 fxe4 35.fxe4 Qe7 36.Qe3 Kg7
37.Na2 Be8 38.Bg4 Bd7 39.Be2 Be8 40.h4 Nbd7 41.Bg4 Rb8 42.Rxb8 Nxb8 43.Nb4 Rb7
44.Nd3 Nba6 45.Bc8 Rc7 46.Bxa6 Nxa6 47.Nc4 Rb7 48.Qg5 Qd7 49.Rf1 Rb3 50.Qf6+ Kh6
51.Rf5 Rxd3 52.Rh5+  1-0

[Event "World op"]
[Site "Philadelphia"]
[Date "1990.??.??"]
[Round "3"]
[White "Benjamin, Joel"]
[Black "Shabalov, Alexander"]
[Result "1-0"]
[WhiteElo "2530"]
[BlackElo "2465"]

1.c4 e5 2.Nc3 d6 3.Nf3 c5 4.e3 f5 5.d4 e4 6.Ng1 cxd4 7.exd4 Nf6 8.Nh3 Nc6
9.Nf4 g6 10.d5 Ne5 11.Nb5 Be7 12.Nd4 Qb6 13.b3 g5 14.Nfe6 Nfg4 15.h3 Bxe6
16.hxg4 Nd3+ 17.Bxd3 Qxd4 18.Be3 Qc3+ 19.Kf1 Bd7 20.Bxe4 Bf6 21.Rc1 Qe5 22.Bxf5 Bxf5
23.gxf5 O-O 24.Qd3 g4 25.g3 Rae8 26.Kg2 Qe7 27.Rh5 a6 28.Rch1 Rf7 29.Re1 Qd7
30.Bd2 Rxe1 31.Bxe1 Qe8 32.Bd2 Re7 33.Rh6 Kg7 34.Rh1 Re2 35.Kf1 Re4 36.Bc3 Bxc3
37.Qxc3+ Kg8 38.Rh6 b5 39.Qc1 bxc4 40.bxc4 Qa4 41.Rxd6 Kf7 42.Rc6 Qxa2 43.Rc7+ Ke8
44.f6 Kd8 45.f7 Qe2+ 46.Kg1 Qf3 47.Ra7  1-0

[Event "World op"]
[Site "Philadelphia"]
[Date "1990.??.??"]
[Round "7"]
[White "Benjamin, Joel"]
[Black "Zaichik, Gennadi"]
[Result "1/2-1/2"]
[WhiteElo "2530"]
[BlackElo "2460"]

1.d4 Nf6 2.Nf3 e6 3.c4 a6 4.Nc3 c5 5.d5 exd5 6.cxd5 d6 7.a4 g6 8.Nd2 Nbd7
9.Nc4 Nb6 10.Na3 Bd7 11.Bg5 h6 12.Bf4 Nh5 13.Bd2 Bg7 14.e4 O-O 15.Be2 Nf6
16.O-O Nxa4 17.Nxa4 b5 18.Nc3 b4 19.f3 bxa3 20.Rxa3 Qb6 21.Qc1 Kh7 22.Nd1 Bb5
23.Ba5 Qb7 24.Rf2 Nd7 25.Bc3 Bd4  1/2-1/2

[Event "World op"]
[Site "Philadelphia"]
[Date "1990.??.??"]
[Round "8"]
[White "Castro Rojas, Oscar Humberto"]
[Black "Benjamin, Joel"]
[Result "0-1"]
[WhiteElo "2320"]
[BlackElo "2530"]

1.e4 c5 2.Nc3 Nc6 3.g3 g6 4.Bg2 Bg7 5.d3 d6 6.Be3 Rb8 7.Qd2 b5 8.Rb1 b4 9.Nce2 Nd4
10.f4 e5 11.Nf3 Be6 12.fxe5 dxe5 13.Ra1 Qd6 14.O-O Nf6 15.h3 O-O 16.Kh2 Rfd8
17.Bg5 Nxe4 18.Qd1 Nxf3+  0-1

[Event "Reykjavik op"]
[Site "Reykjavik"]
[Date "1990.??.??"]
[Round "7"]
[White "Thorsteins, Karl"]
[Black "Benjamin, Joel"]
[Result "1/2-1/2"]
[WhiteElo "2455"]
[BlackElo "2530"]

1.d4 Nf6 2.c4 g6 3.Nc3 Bg7 4.e4 d6 5.f3 O-O 6.Be3 c5 7.d5 e6 8.Nge2 exd5
9.cxd5 Nbd7 10.Ng3 a6 11.a4 h5 12.Be2 h4 13.Nf1 Nh7 14.g4 f5 15.gxf5 gxf5
16.exf5 Ne5 17.Rg1 Kh8 18.f4 Nf7 19.Bd3 Nh6 20.Rg6 Bxf5 21.Bxf5 Nxf5 22.Qc2 Rf6
23.Rxf6 Qxf6 24.Qe4 Qf7 25.O-O-O Re8 26.Qf3 b5 27.Bf2 Nf6 28.axb5 axb5 29.Qh3 Qh5
30.Nd2 b4 31.Nb5 Nxd5 32.Qf3 Qxf3 33.Nxf3 Nde3 34.Re1 Bh6 35.Nxh4 Nxh4 36.Bxh4 Bxf4
37.Kb1 d5 38.Bg3 Bxg3 39.hxg3 d4 40.Nd6 Rf8 41.b3 Kg7 42.Ne4 Rf5 43.g4 Rd5
44.Kc1 Ng2 45.Rg1 Re5 46.Ng3 Nh4 47.Rh1 Nf3 48.Rf1 Nh4 49.Rh1 Nf3 50.Rf1 Nh2
51.Rf4 Re1+ 52.Kd2 Rb1 53.Kc2 Rg1 54.Ne4 Nxg4 55.Nxc5 Ne3+ 56.Kd3 Rd1+ 57.Ke2 Rc1
58.Ne6+ Kg6 59.Rxd4 Kf6 60.Nf4 Nf5 61.Rxb4 Rb1 62.Nd3 Rxb3  1/2-1/2

[Event "Reykjavik op"]
[Site "Reykjavik"]
[Date "1990.??.??"]
[Round "10"]
[White "Mortensen, Erling"]
[Black "Benjamin, Joel"]
[Result "1/2-1/2"]
[WhiteElo "2480"]
[BlackElo "2530"]

1.e4 e5 2.Nf3 Nc6 3.Bb5 Nf6 4.O-O Nxe4 5.d4 Nd6 6.dxe5 Nxb5 7.a4 Nbd4 8.Nxd4 Nxd4
9.Qxd4 d5 10.Nc3 c6 11.a5 Bf5 12.f4 Qd7 13.Rf2 Be7 14.Be3 O-O 15.Na4 f6 16.Raf1 Qe8
17.Qc3 fxe5 18.fxe5 Qg6 19.Bc5 Bxc5 20.Nxc5 b6 21.Nd3 Be4 22.b4 Rxf2 23.Rxf2 Rf8
24.Rxf8+ Kxf8 25.g3 Qh5 26.Qxc6 Qd1+ 27.Kf2 Qd2+ 28.Kf1 Bxd3+  1/2-1/2